000
00304cam a22001097a 4500
008
180718b2017 xxu||||| |||| 00| 0 eng d
020
_a
9788193317211
100
_a
Uppal, R.K
245
_a
Banking with technology: a new vision - 2020
_c
by R.K. Uppal
260
_a
New Delhi
_b
Bharti
_c
2017
300
_a
557p.
999
_c
445806
_d
445806